01472nab a22002177a 4500003000400000005001700004008004100021040000700062100003200069245008200101260007300183300001200256500003500268505067900303505007100982650002201053650000901075650001401084650001501098773014101113OSt20220622093739.0190604e xxu||||| |||| 00| 0 spa d cPJ aLeiva Fernández, Lucas P.10aVerwirkung : bla teoría del retraso desleal /cLucas P. Leiva Fernández. aCiudad Autónoma de Buenos Aires :bThomson Reuters La Ley, c2020. ap. 5-20 aCita Online: AR/DOC/3546/2020. aSumario: I. Introducción.— II. Concepto.— III. El laches anglosajón y el retraso desleal en derecho comparado.— IV. Antecedentes en el derecho argentino y la analogía con el vicio de la sorpresa.— V. ¿Puede ejercerse de oficio el retraso desleal por medio del abuso del derecho? Similitudes y diferencias entre el “retraso desleal” y la prescripción liberatoria y la caducidad.— VI. El retraso desleal: conducta, deber de coherencia, teoría de los actos propios y el principio de confianza.— VII. La función preventiva del daño en relación con el Verwirkung o re-traso desleal.— VIII. Conclusiones de la Verwirkung o “retraso desleal”  tSi te interesa el texto, comunicate: koha@justierradelfuego.gov.ar 0aABUSO DEL DERECHO 0aMORA 0aINTERESES 0aINTIMACION0 02714dCiudad Autónoma de Buenos Aires : Thomson Reuters La Ley, 2014-tRevista anales de legislación argentina. Nº 2 - Febrero 2021